000 00311nam a2200133Ia 4500
008 191201s2008 xx 000 0 und d
082 _a658.32
_bSIC
100 _aSingh, Soni Shyam
245 0 _aCompensation Managment
260 _a-
_bExcel Books
_c2008
300 _a270
650 _aMBA
942 _2ddc
_cBK
_02
999 _c3479
_d3479